El nombre del viento : (Record no. 194940)

MARC details
000 -LEADER
campo de control de longitud fija 02554cam a2200445 i 4500
001 - NÚMERO DE CONTROL
campo de control 194940
003 - IDENTIFICADOR DE NÚMERO DE CONTROL
campo de control SpMaBN
005 - FECHA Y HORA DE LA ÚLTIMA TRANSACCIÓN
campo de control 20250818102828.0
008 - DATOS DE LONGITUD FIJA--INFORMACIÓN GENERAL
campo de control de longitud fija 240522s2009 sp b | |||| 000 f spa
015 ## - NÚMERO DE BIBLIOGRAFÍA NACIONAL
Número de bibliografía nacional MON09
017 ## - NÚMERO DE COPYRIGHT O DE DEPÓSITO LEGAL
Número de copyright o de depósito legal B 45562- 2009
Agencia que asigna Oficina Depósito Legal Barcelona
020 ## - NÚMERO INTERNACIONAL ESTÁNDAR DEL LIBRO
Número Internacional Estándar del Libro 9788401337208
035 ## - NÚMERO DE CONTROL DEL SISTEMA
Número de control de sistema (OCoLC)733613790
040 ## - FUENTE DE CATALOGACIÓN
Centro catalogador/agencia de origen SpMaBN
Lengua de catalogación spa
Centro/agencia transcriptor SpMaBN
Normas de descripción rdc
080 ## - NÚMERO DE LA CLASIFICACIÓN DECIMAL UNIVERSAL
Número de la Clasificación Decimal Universal 821.111(73)-31"19"
100 ## - ENTRADA PRINCIPAL--NOMBRE DE PERSONA
Nombre de persona Rothfuss, Patrick,
Fechas asociadas al nombre 1973-
9 (RLIN) 236551
Término indicativo de función/relación Autor
240 14 - TÍTULO UNIFORME
Título uniforme The Name of the Wind. The Kingkiller Chronicle: Day One
Lenguaje de la obra Español
245 13 - MENCIÓN DEL TÍTULO
Título El nombre del viento :
Resto del título Crónica del Asesino de Reyes: primer día /
Mención de responsabilidad, etc. Patrick Rothfuss ; traducción de Gemma Rovira
250 ## - MENCION DE EDICION
Mención de edición Primera edición mayo 2009.
Resto de la mención de edición Vigesimosegunda edición: diciembre 2010
260 ## - PUBLICACIÓN, DISTRIBUCIÓN, ETC.
Lugar de publicación, distribución, etc. Barcelona :
Nombre del editor, distribuidor, etc. Plaza Janés,
Fecha de publicación, distribución, etc. 2009
300 ## - DESCRIPCIÓN FÍSICA
Extensión 872 páginas :
Otras características físicas mapa ;
Dimensiones 23 cm
336 ## - TIPO DE CONTENIDO
Fuente rdacontent
Término de tipo de contenido texto
337 ## - TIPO DE MEDIO
Fuente rdamedia
Nombre/término del tipo de medio sin mediación
338 ## - TIPO DE SOPORTE
Fuente rdacarrier
Nombre/término del tipo de soporte volumen
490 1# - MENCIÓN DE SERIE
Mención de serie Crónica del Asesino de Reyes ;
Designación de volumen o secuencia 1
500 ## - NOTA GENERAL
Nota general Primera novela de la Crónica del Asesino de Reyes.
520 ## - RESUMEN, ETC.
Sumario, etc. En una posada en tierra de nadie, un hombre se dispone a relatar, por primera vez, la auténtica historia de su vida. Una historia que únicamente él conoce y que ha quedado diluida tras los rumores, las conjeturas y los cuentos de taberna que le han convertido en un personaje legendario a quien todos daban ya por muerto: Kvothe... músico, mendigo, ladrón, estudiante, mago, héroe y asesino.<br/><br/>Ahora va a revelar la verdad sobre sí mismo. Y para ello debe empezar por el principio: su infancia en una troupe de artistas itinerantes, los años malviviendo como un ladronzuelo en las calles de una gran ciudad y su llegada a una universidad donde esperaba encontrar todas las respuestas que había estado buscando.
594 ## - NOTA AL TITULO Y MENCION DE RESPONSABILIDAD
Nota al título y mención de responsabilidad Traducción de: The Name of the Wind. The Kingkiller Chronicle: Day One
655 #0 - TERMINO DE INDIZACIÓN--GENERO/FORMA
9 (RLIN) 236495
Datos o término principal de género/forma Novelas fantásticas
700 0# - ENTRADA AGREGADA--NOMBRE PERSONAL
9 (RLIN) 100151
Nombre de persona Rovira Ortega, Gemma
Término indicativo de función/relación Traductor
830 #0 - PUNTO DE ACCESO ADICIONAL DE SERIE-TÍTULO UNIFORME
Título uniforme Crónica del asesino de reyes
Designación de volumen o secuencia 1
9 (RLIN) 239990
852 ## - LOCALIZACIÓN
Ubicación ES-MaACL
Ubicación en estantería Depósito J
Número de control de estantería N-9930
Donativo/Legado Donación: José Lázaro García
Encuadernación Encuadernación rústica
itemnumber 205852
903 ## - NOMBRE PERSONAL DE DONANTE
9 234219
a Lázaro García, José
e Donante
942 ## - ELEMENTOS DE ENTRADA SECUNDARIOS (KOHA)
Tipo de ítem Koha Libro impreso
Suprimir en OPAC No
Holdings
Estatus retirado Estado de pérdida Fuente del sistema de clasificación o colocación Estado de daño No para préstamo Biblioteca de origen Biblioteca actual Ubicación en estantería Fecha de adquisición Fuente de adquisición Total de préstamos Signatura topográfica completa Código de barras Visto por última vez Precio de reemplazo Tipo de ítem Koha
    Clasificación decimal universal     Biblioteca del Ateneo de Madrid Biblioteca del Ateneo de Madrid Depósito J 27/05/2025 Donación   N-9930 101230189 27/05/2025 27/05/2025 Libro impreso